000 00567nam a2200205Ia 4500
001 b5522-37042
003 IT-MiCISF
008 161014s9999||||xx |||||||||||||| ||und||
040 _aIT-MiCISF
_cIT-MiCISF
041 _ait
100 _aFrydman René
245 0 _aL'irresistibile desiderio di nascere
250 _a1a ed.
260 _a Milano
_bRizzoli
_c1989 [Edizione originale: 1986]
300 _app. 206
500 _a / procreazione-artificiale, aborto, sterilità, società /
650 _aprocreazione
942 _cBK
957 _71
999 _a37042
_bsi
_g1
_c211618
_d211618